000 00469nam a2200169Ia 4500
008 240729s9999 xx 000 0 und d
022 _a2666-9560
245 0 _aNeuroimage: Reports
260 _aUnited States
260 _bElsevier
650 _a Internal medicine
650 _a Neurosciences. Biological psychiatry. Neuropsychiatry
650 _aMedicine
856 _uhttps://doaj.org/toc/d170921ccf934770aa6b6f567768c83a
942 _2ddc
942 _cDOAJEJ
999 _c66508
_d66508
945 _a1
_bMadushi Gamage
_c1
_dMadushi Gamage